|
|
|
|
| LEADER |
00000nam0a2200000 4500 |
| 001 |
269392 |
| 005 |
20231101234241.0 |
| 035 |
|
|
|a (RuTPU)RU\TPU\book\292567
|
| 090 |
|
|
|a 269392
|
| 100 |
|
|
|a 20140918d1987 k y0rusy50 ca
|
| 101 |
0 |
|
|a rus
|
| 102 |
|
|
|a BY
|
| 105 |
|
|
|a a z 001zy
|
| 200 |
1 |
|
|a Методы и средства обработки сигналов в дискретных базисах
|f Р. Х. Садыхов, П. М. Чеголин, В. П. Шмерко
|g Академия наук Белорусской ССР (АН БССР), Институт технической кибернетики (ИТК)
|
| 210 |
|
|
|a Минск
|c Наука и техника
|d 1987
|
| 215 |
|
|
|a 296 с.
|c ил.
|
| 320 |
|
|
|a Библиогр.: с. 289-295
|
| 606 |
1 |
|
|a Сигналы
|x Цифровая обработка
|2 stltpush
|3 (RuTPU)RU\TPU\subj\67734
|9 83426
|
| 610 |
1 |
|
|a дискретные преобразования
|
| 610 |
1 |
|
|a алгоритмы
|
| 610 |
1 |
|
|a аппаратные средства
|
| 610 |
1 |
|
|a система Уолша
|
| 610 |
1 |
|
|a функции Хаара
|
| 675 |
|
|
|a 621.372.037
|v 3
|
| 700 |
|
1 |
|a Садыхов
|b Р. Х.
|g Раух Хосрович
|
| 701 |
|
1 |
|a Чеголин
|b П. М.
|g Петр Михайлович
|
| 701 |
|
1 |
|a Шмерко
|b В. П.
|g Владимир Петрович
|
| 712 |
0 |
2 |
|a Академия наук Белорусской ССР (АН БССР)
|b Институт технической кибернетики (ИТК)
|c (Минск)
|2 stltpush
|3 (RuTPU)RU\TPU\col\443
|
| 801 |
|
1 |
|a RU
|b 63413507
|c 20140918
|
| 801 |
|
2 |
|a RU
|b 63413507
|c 20170301
|g RCR
|
| 942 |
|
|
|c BK
|